Multi - species north sea fisheries consorted optimal management of renewable resources
Enregistré dans:
| Auteur principal: | |
|---|---|
| Format: | Livre |
| Langue: | anglais |
| Publié: |
Tübingen
Mohr
1984
|
| Collection: | Kieler Studien
189 |
| Tags: |
Pas de tags, Soyez le premier à ajouter un tag!
|
MARC
| LEADER | 00000nam a2200000 4500 | ||
|---|---|---|---|
| 001 | c114881 | ||
| 005 | 20181203150329.2 | ||
| 041 | 0 | |a eng | |
| 044 | |a DE | ||
| 245 | 1 | 0 | |a Multi - species north sea fisheries |b consorted optimal management of renewable resources |c Chungsoo Kim |
| 264 | 1 | |a Tübingen |b Mohr |c 1984 | |
| 300 | |a 133 s. | ||
| 490 | 1 | |a Kieler Studien |v 189 | |
| 830 | 0 | |a Kieler Studien |v 189 | |
| 100 | 1 | |a Kim, Chungsoo | |